000 00366nam a22001457a 4500
020 _a0 340 11797 4
082 _a916.78 BER
100 _aBerry, L
245 _aTanzania in Maps
260 _aLondon
_bUniversity of Londn press ltd
_c1971
300 _a172p.
_bill., 28cm
500 _ainclude bibliography
650 _aGeographical area in tanzania
942 _cBK
999 _c18360
_d18360